000 00302nam a22001337a 4500
008 170508b xxu||||| |||| 00| 0 eng d
020 _a9780195076974
041 _aeng
080 _a34
100 _a14
101 _aSHJ
245 _aTHE NATURE AND PROCESS OF LAW
_cSMITH.P
942 _2udc
_cBK
999 _c12891
_d12891